The Citadel : (Record no. 218013)

000 -LEADER
fixed length control field 01187 a2200193 4500
003 - CONTROL NUMBER IDENTIFIER
control field Nust
005 - DATE AND TIME OF LATEST TRANSACTION
control field 20170207171638.0
040 ## - CATALOGING SOURCE
Transcribing agency Nust
082 ## - DEWEY DECIMAL CLASSIFICATION NUMBER
Classification number 050
100 ## - MAIN ENTRY--PERSONAL NAME
Personal name Command and Staff College (Quetta, Pakistan)
245 ## - TITLE STATEMENT
Title The Citadel :
Remainder of title professional magazine of the Command and Staff College - No. 2/2005
Medium Command and Staff College (Quetta, Pakistan)
260 ## - PUBLICATION, DISTRIBUTION, ETC.
Place of publication, distribution, etc. Quetta,Pakistan
Name of publisher, distributor, etc. Comdt and Staff Press Quetta
Date of publication, distribution, etc. 2005
300 ## - PHYSICAL DESCRIPTION
Extent 140p.:
490 ## - SERIES STATEMENT
Series statement Vol. XXIII
505 ## - FORMATTED CONTENTS NOTE
Formatted contents note Letter (Page-4)Grass Root Integrated Mechenisation A Thought by Lt Col Fida Hussain Malik (Page-13) Command Philosophy For Battle Focused Excellence by Lt Col Gularaiz Afzal Khan (Page-19) Pivot corps-the Conceptual Contours by Lt Col Waqar Hasan Khan(Page-25) GIS on Modern Battlefield by Major Shahid Amir Afsae (Page-35) Low Intensity Conflict A Conceptual Framework by Col Afrasiab (Page-51) Clausewitz on War: An Interpretation by Mr. Hayatullah Khan KHattak (Page-65) War, Warfare and War-Fighting : Reflections for the 21st Century (Page-78)
538 ## - SYSTEM DETAILS NOTE
System details note Almirah No.137 Shelf No.6
650 ## - SUBJECT ADDED ENTRY--TOPICAL TERM
Topical term or geographic name entry element Pakistan. -- Army -- Periodicals
651 ## - SUBJECT ADDED ENTRY--GEOGRAPHIC NAME
Geographic name Pakistan -- Military policy -- Periodicals.
942 ## - ADDED ENTRY ELEMENTS (KOHA)
Koha item type
Holdings
Withdrawn status Lost status Source of classification or shelving scheme Damaged status Not for loan Collection code Permanent Location Current Location Date acquired Total Checkouts Full call number Barcode Date last seen Price effective from Koha item type
            Military College of Signals (MCS) Military College of Signals (MCS) 12/12/2016   050 COM MCSP-95/16 12/08/2016 12/12/2016 Book
© 2023 Central Library, National University of Sciences and Technology. All Rights Reserved.